| 000 | 00673nam a22001817a 4500 | ||
|---|---|---|---|
| 003 | BUBTL | ||
| 008 | 190508b xxu||||| |||| 00| 0 eng d | ||
| 020 | _a81-7293-001-1 | ||
| 082 | _a891.443 / M2891u | ||
| 100 |
_92326 _aমজুমদার, সমরেশ |
||
| 245 |
_aউত্তরাধিকার / _cসমরেশ মজুমদার |
||
| 260 |
_aকলকাতা : _bমিত্র ও ঘোষ পাবলিশার্স প্রা: লি:, _cc1979 |
||
| 300 |
_a372 p. : _c24 cm. |
||
| 650 | 0 |
_91691 _aবাংলা সাহিত্য |
|
| 856 |
_k0 _l0 _yDownload |
||
| 942 |
_2ddc _cBK |
||
| 999 |
_c6041 _d6041 |
||